[Event "101st YMCA Winter C"]
[Site "Warszawa"]
[Date "2012.02.01"]
[Round "5"]
[White "Krzyzanowski, Antoni"]
[Black "Chmielewska, Joanna"]
[Result "0-1"]
[WhiteElo "1777"]
[BlackElo "1774"]
[Annotator "M"]
[PlyCount "72"]
[EventDate "2012.01.03"]
[EventType "tourn"]
[EventRounds "1"]
[EventCountry "POL"]
[SourceDate "2012.01.03"]

1. e4 b6 2. d4 Bb7 3. d5 e6 4. c4 Bb4+ 5. Nc3 Qe7 6. Be2 Nf6 7. Bg5 exd5 8.
exd5 Qe5 9. Nf3 Bxc3+ 10. Kf1 Qe7 11. bxc3 Na6 12. Qd4 O-O-O 13. a4 Rde8 14.
Bd1 h6 15. Bxf6 gxf6 16. a5 Rhg8 17. axb6 axb6 18. g3 f5 19. h3 Nc5 20. Kg2 Qd6
21. Re1 Rxe1 22. Nxe1 f4 23. g4 h5 24. f3 hxg4 25. fxg4 f5 26. Nd3 f3+ 27. Kxf3
fxg4+ 28. hxg4 Ne6 29. Qe5 Ng5+ 30. Ke3 Qh6 31. Nf4 Rf8 32. Kd3 Qh7+ 33. Ke3
Nf7 34. Qf5 Re8+ 35. Kf3 Qh1+ 36. Kf2 Nd6 $138 0-1

[Event "101st YMCA Winter C"]
[Site "Warszawa"]
[Date "2012.02.01"]
[Round "5"]
[White "Pajak, Jakub"]
[Black "Wrabel, Antoni"]
[Result "1-0"]
[WhiteElo "1693"]
[BlackElo "1713"]
[PlyCount "109"]
[EventDate "2012.01.03"]
[EventType "tourn"]
[EventRounds "1"]
[EventCountry "POL"]
[SourceDate "2012.01.03"]

1. e4 e5 2. Nf3 Nc6 3. Bc4 Be7 4. O-O Nf6 5. Re1 O-O 6. c3 d6 7. h3 Na5 8. Bf1
c5 9. d4 Nc6 10. d5 Nb8 11. Bg5 Nxd5 12. Qxd5 Bxg5 13. Nxg5 Qxg5 14. Qxd6 Nc6
15. Qxc5 Bxh3 16. Qe3 Qxe3 17. Rxe3 Be6 18. Nd2 Rad8 19. Nf3 f6 20. b3 Rd6 21.
Rd3 Rxd3 22. Bxd3 Rd8 23. Rd1 Kf8 24. Be2 Rxd1+ 25. Bxd1 Bg4 26. Kf1 Bxf3 27.
Bxf3 Ke7 28. Ke2 Kd6 29. Kd3 Nd8 30. Bg4 g6 31. g3 Nf7 32. b4 Nh6 33. Bh3 Nf7
34. c4 b6 35. f4 exf4 36. gxf4 g5 37. fxg5 Nxg5 38. Bg4 Ke5 39. Bf5 h5 40. c5
bxc5 41. bxc5 Ne6 42. Kc4 Nc7 43. Kd3 Kf4 44. Kd4 h4 45. c6 Kg3 46. e5 fxe5+
47. Kxe5 h3 48. Kd6 Nb5+ 49. Kd7 h2 50. Be4 Nd4 51. c7 Nf3 52. Bxf3 Kxf3 53.
c8=Q Kf2 54. Qb7 Kg1 55. Qxa7+ 1-0

[Event "101st YMCA Winter C"]
[Site "Warszawa"]
[Date "2012.02.16"]
[Round "5"]
[White "Duda, Ryszard"]
[Black "Praczukowski, Stanislaw"]
[Result "0-1"]
[WhiteElo "1692"]
[BlackElo "1727"]
[PlyCount "72"]
[EventDate "2012.01.03"]
[EventType "tourn"]
[EventRounds "1"]
[EventCountry "POL"]
[SourceDate "2012.01.03"]

1. d4 d5 2. c4 c6 3. Nf3 Nf6 4. Nc3 a6 5. cxd5 cxd5 6. a4 Nc6 7. e3 Bf5 8. Bd3
Bxd3 9. Qxd3 e6 10. O-O Bd6 11. Bd2 O-O 12. Rfc1 Rc8 13. Qb1 e5 14. dxe5 Nxe5
15. Nxe5 Bxe5 16. Ne2 Rxc1+ 17. Qxc1 Ne4 18. Be1 Qf6 19. Nc3 Nxc3 20. Bxc3 Rc8
21. Ra3 Bxc3 22. Rxc3 Rxc3 23. Qxc3 Qxc3 24. bxc3 Kf8 25. Kf1 Ke7 26. Ke2 Kd6
27. Kd3 Kc5 28. g4 a5 29. f3 b5 30. axb5 Kxb5 31. e4 dxe4+ 32. fxe4 a4 33. e5
g5 34. Kc2 Kc4 35. Kb2 a3+ 36. Kxa3 Kxc3 0-1

[Event "101st YMCA Winter C"]
[Site "Warszawa"]
[Date "2012.02.01"]
[Round "5"]
[White "Kaniewska, Emilia"]
[Black "Antokolski, Michal"]
[Result "0-1"]
[WhiteElo "1683"]
[BlackElo "1742"]
[PlyCount "70"]
[EventDate "2012.01.03"]
[EventType "tourn"]
[EventRounds "1"]
[EventCountry "POL"]
[SourceDate "2012.01.03"]

1. f4 Nf6 2. Nf3 e6 3. g3 c5 4. Bg2 d5 5. O-O Nc6 6. d3 c4 7. c3 b5 8. Na3 Bxa3
9. bxa3 Qa5 10. Bb2 Qb6+ 11. Kh1 Ng4 12. Qd2 Ne7 13. Nd4 Bd7 14. Rab1 Rb8 15.
e4 O-O 16. a4 bxa4 17. Ba3 Qxb1 18. Rxb1 Rxb1+ 19. Bc1 Nf2+ 20. Qxf2 Rxc1+ 21.
Bf1 cxd3 22. e5 d2 23. Qxd2 Rxf1+ 24. Kg2 Rb1 25. Qc2 Rfb8 26. Nb3 R1xb3 27.
axb3 axb3 28. Qb2 Nc6 29. h3 Na5 30. Qa3 b2 31. Qxa5 b1=Q 32. Qxa7 Rb2+ 33. Kf3
Qd1+ 34. Ke3 Qd2+ 35. Kf3 Qe2# 0-1

[Event "101st YMCA Winter C"]
[Site "Warszawa"]
[Date "2012.02.02"]
[Round "5"]
[White "Chomczyk, Marek"]
[Black "Rozycki, Bartlomiej"]
[Result "1-0"]
[WhiteElo "1808"]
[BlackElo "1839"]
[Annotator "M"]
[PlyCount "79"]
[EventDate "2012.01.03"]
[EventType "tourn"]
[EventRounds "1"]
[EventCountry "POL"]
[SourceDate "2012.01.03"]

1. e4 e5 2. Nf3 Nc6 3. Bc4 Bc5 4. c3 Nf6 5. d3 d6 6. O-O a6 7. Bb3 Ba7 8. h3
O-O 9. Re1 h6 10. Nbd2 Be6 11. Nf1 Re8 12. Be3 Bxb3 13. Qxb3 Rb8 14. Ng3 Bxe3
15. fxe3 d5 16. exd5 Nxd5 17. Rad1 a5 18. e4 Nf4 19. d4 Qf6 20. Kh2 b6 21. Nf5
Rbd8 22. d5 Ne7 23. N3h4 g6 24. Nxe7+ Rxe7 25. g3 Nh5 26. Rf1 Qg5 27. c4 Red7
28. Qf3 Qe7 29. Ng2 Ng7 30. Ne3 Ne8 31. Rf2 Kg7 32. Rdf1 Nd6 $11 33. Ng4 Rh8
34. Qc3 Nxe4 35. Rxf7+ Qxf7 36. Rxf7+ Rxf7 37. Qxe5+ Nf6 38. Nxf6 Rxf6 39.
Qxc7+ Kg8 40. d6 1-0

[Event "101st YMCA Winter C"]
[Site "Warszawa"]
[Date "2012.02.08"]
[Round "6"]
[White "Antokolski, Michal"]
[Black "Chomczyk, Marek"]
[Result "1/2-1/2"]
[WhiteElo "1742"]
[BlackElo "1808"]
[PlyCount "159"]
[EventDate "2012.01.03"]
[EventType "tourn"]
[EventRounds "1"]
[EventCountry "POL"]
[SourceDate "2012.01.03"]

1. e4 e5 2. Nf3 Nc6 3. Bb5 a6 4. Ba4 d6 5. d4 b5 6. Bb3 Nxd4 7. Nxd4 exd4 8. c3
dxc3 9. Nxc3 Nf6 10. e5 dxe5 11. Bxf7+ Ke7 12. Qxd8+ Kxd8 13. Bg5 c6 14. O-O
Kc7 15. Rac1 Kb7 16. Rfe1 Bd6 17. Bxf6 gxf6 18. Ne4 Bb4 19. Re2 Rf8 20. Bh5 Be6
21. a3 Be7 22. Nc5+ Bxc5 23. Rxc5 Bc4 24. Re1 Kb6 25. b4 Rfd8 26. f4 exf4 27.
Bf3 Rd6 28. Re7 a5 29. h4 axb4 30. axb4 Ra4 31. Rf5 Rxb4 32. Rxf4 Rb1+ 33. Kh2
Bd5 34. Rxh7 Bxf3 35. Rxf3 b4 36. h5 b3 37. Rh8 Kc5 38. h6 b2 39. Rb8 Rdd1 40.
Rxf6 Kd5 41. Rb7 Rh1+ 42. Kg3 c5 43. Rf2 c4 44. Rbxb2 Rxb2 45. Rxb2 c3 46. Rc2
Kd4 47. Kf4 Rxh6 48. g4 Rf6+ 49. Kg5 Rc6 50. Kf5 Kd3 51. Rg2 c2 52. Rxc2 Rxc2
53. g5 Rc5+ 54. Kf6 Ke4 55. g6 Rc6+ 56. Kf7 Kf5 57. g7 Rc7+ 58. Kf8 Kf6 59.
g8=N+ Ke6 60. Nh6 Rh7 61. Ng8 Rf7+ 62. Ke8 Rf1 63. Nh6 Kf6 64. Ng8+ Ke6 65. Nh6
Ra1 66. Kf8 Ra7 67. Ng8 Rh7 68. Ke8 Rg7 69. Nh6 Re7+ 70. Kf8 Rh7 71. Ng8 Rf7+
72. Ke8 Rf1 73. Nh6 Rg1 74. Kf8 Rg2 75. Ng8 Rg6 76. Ne7 Rf6+ 77. Ke8 Rh6 78.
Ng8 Rh8 79. Kf8 Rxg8+ 80. Kxg8 1/2-1/2

[Event "101st YMCA Winter C"]
[Site "Warszawa"]
[Date "2012.02.08"]
[Round "6"]
[White "Praczukowski, Stanislaw"]
[Black "Kaniewska, Emilia"]
[Result "1-0"]
[WhiteElo "1727"]
[BlackElo "1683"]
[PlyCount "47"]
[EventDate "2012.01.03"]
[EventType "tourn"]
[EventRounds "1"]
[EventCountry "POL"]
[SourceDate "2012.01.03"]

1. e4 c5 2. Nf3 d6 3. d4 cxd4 4. Nxd4 Nf6 5. Nc3 a6 6. Bg5 e6 7. f4 Nbd7 8. Qf3
Be7 9. O-O-O Qc7 10. g4 Rb8 11. Bxf6 Nxf6 12. g5 Nd7 13. f5 Ne5 14. Qh5 O-O 15.
Bh3 exf5 16. exf5 b5 17. f6 Bd8 18. Bf5 Ng6 19. Rhe1 Bb7 20. fxg7 Kxg7 21. Re3
Rh8 22. Qh6+ Kg8 23. Re8+ Nf8 24. Qxf8# 1-0

[Event "101st YMCA Winter C"]
[Site "Warszawa"]
[Date "2012.02.08"]
[Round "6"]
[White "Wrabel, Antoni"]
[Black "Duda, Ryszard"]
[Result "0-1"]
[WhiteElo "1713"]
[BlackElo "1692"]
[PlyCount "120"]
[EventDate "2012.01.03"]
[EventType "tourn"]
[EventRounds "1"]
[EventCountry "POL"]
[SourceDate "2012.01.03"]

1. e4 e5 2. Nf3 Nc6 3. Bb5 a6 4. Ba4 Nf6 5. d3 b5 6. Bb3 Be7 7. a3 d5 8. exd5
Nxd5 9. Qe2 O-O 10. O-O Bf6 11. c3 Re8 12. Qe4 Be6 13. Bc2 g6 14. c4 Nde7 15.
Nc3 Nd4 16. Nxd4 exd4 17. Nd5 Nxd5 18. cxd5 Bxd5 19. Qg4 Qd6 20. Bf4 Be5 21.
Bg3 Bxg3 22. fxg3 c5 23. Rf2 Re7 24. Raf1 Rae8 25. Rf6 Qe5 26. h4 Qe2 27. Qxe2
Rxe2 28. R1f2 Re1+ 29. Kh2 R8e2 30. g4 Kg7 31. R6f4 Re3 32. Rd2 R3e2 33. Rf2
Rxd2 34. Rxd2 h6 35. Bd1 Re5 36. Kg1 Kf6 37. Kf2 Ke6 38. b4 Kd6 39. bxc5+ Kxc5
40. Rc2+ Kb6 41. Rc8 g5 42. Rh8 Re6 43. Rd8 Kc6 44. Ra8 a5 45. hxg5 hxg5 46.
Rg8 f6 47. Rd8 Re3 48. Rf8 Rxd3 49. Rxf6+ Kc5 50. Be2 Rxa3 51. Rf5 Ra2 52. Ke1
Kc6 53. Rxg5 b4 54. Rg6+ Kc5 55. Rg5 Rxe2+ 56. Kxe2 b3 57. Kd2 a4 58. Rg7 a3
59. Ra7 a2 60. Kc1 d3 0-1

[Event "101st YMCA Winter C"]
[Site "Warszawa"]
[Date "2012.02.08"]
[Round "6"]
[White "Chmielewska, Joanna"]
[Black "Pajak, Jakub"]
[Result "1-0"]
[WhiteElo "1774"]
[BlackElo "1693"]
[PlyCount "49"]
[EventDate "2012.01.03"]
[EventType "tourn"]
[EventRounds "1"]
[EventCountry "POL"]
[SourceDate "2012.01.03"]

1. c4 c5 2. Nc3 Nf6 3. g3 g6 4. Bg2 Bg7 5. e3 O-O 6. Nge2 Nc6 7. O-O Rb8 8. d4
cxd4 9. exd4 d6 10. Bg5 a6 11. Qd2 Re8 12. Rad1 Bd7 13. d5 Ne5 14. b3 Bc8 15.
Nd4 Ned7 16. Rfe1 Nf8 17. Na4 N8d7 18. Nc3 Nf8 19. Kh1 Bd7 20. Ne4 Nxe4 21.
Rxe4 b5 22. Rde1 f6 23. Bh6 Bh8 24. cxb5 Bxb5 25. Bxf8 1-0

[Event "101st YMCA Winter C"]
[Site "Warszawa"]
[Date "2012.02.10"]
[Round "6"]
[White "Prus, Marek"]
[Black "Krzyzanowski, Antoni"]
[Result "1-0"]
[WhiteElo "1735"]
[BlackElo "1777"]
[PlyCount "77"]
[EventDate "2012.01.03"]
[EventType "tourn"]
[EventRounds "1"]
[EventCountry "POL"]
[SourceDate "2012.01.03"]

1. Nc3 d5 2. e4 d4 3. Nce2 c5 4. Nf3 Bg4 5. Ne5 Bh5 6. g4 Bg6 7. Ng3 Nc6 8.
Nxg6 hxg6 9. Bb5 e5 10. c3 Qd7 11. Qa4 Nf6 12. f3 d3 13. b3 Rd8 14. Ba3 Be7 15.
O-O-O a6 16. Bxc6 bxc6 17. h4 Qb7 18. c4 Rb8 19. Qa5 Qb6 20. Qc3 a5 21. Qxd3 a4
22. Kc2 axb3+ 23. axb3 Qa5 24. Bb2 O-O 25. Ra1 Qc7 26. Qe3 Rfd8 27. h5 gxh5 28.
Nxh5 Nh7 29. Qc3 Bg5 30. f4 Bh6 31. g5 Nxg5 32. fxg5 Bxg5 33. Rh2 g6 34. Qg3
Bxd2 35. Bxe5 Qe7 36. Nf6+ Kf8 37. Rh8+ Kg7 38. Nd5+ f6 39. Nxe7 1-0

[Event "101st YMCA Winter C"]
[Site "Warszawa"]
[Date "2012.02.08"]
[Round "6"]
[White "Maciejewski, Andrzej"]
[Black "Sawicki, Wojciech"]
[Result "1-0"]
[WhiteElo "1754"]
[BlackElo "1769"]
[PlyCount "95"]
[EventDate "2012.01.03"]
[EventType "tourn"]
[EventRounds "1"]
[EventCountry "POL"]
[SourceDate "2012.01.03"]

1. e4 e5 2. Nf3 Nc6 3. Bb5 a6 4. Ba4 Nf6 5. O-O Be7 6. Re1 b5 7. Bb3 O-O 8. a4
b4 9. c3 d6 10. h3 bxc3 11. bxc3 Na5 12. Bc2 c5 13. d3 Rb8 14. Nbd2 h6 15. Nf1
Be6 16. Ng3 Nb3 17. Bxb3 Bxb3 18. Qe2 Re8 19. Nf5 Bf8 20. c4 Qd7 21. a5 Ba4 22.
g4 Bc6 23. g5 hxg5 24. Bxg5 Nh7 25. Kh2 Nxg5 26. Nxg5 f6 27. Nf3 Qf7 28. N3h4
g5 29. Rg1 Bd7 30. Rg3 Qh7 31. Qg4 Bg7 32. Rag1 Kh8 33. Nf3 Bxf5 34. exf5 Rb2
35. Kg2 Bh6 36. h4 Rg8 37. hxg5 fxg5 38. Rh1 e4 39. dxe4 Qg7 40. Rxh6+ Qxh6 41.
Rh3 Kg7 42. Rxh6 Kxh6 43. Qh3+ Kg7 44. Nxg5 Kf6 45. Qc3+ Kxg5 46. Qxb2 Kf4+ 47.
Kf1 Kxe4 48. Qb7+ 1-0

[Event "101st YMCA Winter C"]
[Site "Warszawa"]
[Date "2012.02.15"]
[Round "7"]
[White "Krzyzanowski, Antoni"]
[Black "Maciejewski, Andrzej"]
[Result "0-1"]
[WhiteElo "1777"]
[BlackElo "1754"]
[PlyCount "132"]
[EventDate "2012.01.03"]
[EventType "tourn"]
[EventRounds "1"]
[EventCountry "POL"]
[SourceDate "2012.01.03"]

1. e4 c5 2. Nc3 Nc6 3. g3 g6 4. Bg2 Bg7 5. d3 e6 6. Be3 d6 7. Qd2 Nge7 8. Nge2
Nd4 9. Rc1 Qa5 10. Bh6 Bxh6 11. Qxh6 Nxe2 12. Kxe2 Bd7 13. Qg7 O-O-O 14. a3 Nc6
15. Rb1 Nd4+ 16. Kd2 Bc6 17. b4 Qxa3 18. Ra1 Nb3+ 19. cxb3 Qb2+ 20. Ke3 cxb4
21. Rhb1 Qxc3 22. Qxc3 bxc3 23. Rxa7 Kb8 24. Ra2 d5 25. d4 dxe4 26. Bxe4 Bxe4
27. Kxe4 Rd7 28. Rc2 Rc8 29. Rbc1 Rdc7 30. Kd3 Rd8 31. Ke3 Rcd7 32. Rxc3 Rxd4
33. R1c2 e5 34. Ke2 f5 35. Ke3 g5 36. f3 e4 37. fxe4 Rxe4+ 38. Kf3 Red4 39. Ke3
f4+ 40. gxf4 Rxf4 41. Rc7 Re8+ 42. Kd3 Rf3+ 43. Kd4 h6 44. Rh7 Rf6 45. Rcc7 Rb6
46. Rcg7 Re2 47. Kc5 Ka7 48. Rg8 Rc2+ 49. Kd5 Rxh2 50. Rhh8 Rxb3 51. Kc4 Rbb2
52. Kc5 Rhc2+ 53. Kd5 Rc6 54. Rg7 Kb6 55. Rhh7 Ka6 56. Rh8 Rd2+ 57. Ke4 Rdc2
58. Rhh7 b6 59. Rh8 Kb5 60. Kd3 Kb4 61. Rhh7 b5 62. Rh8 Kb3 63. Rgh7 Rh2 64.
Rb8 b4 65. Rhb7 Rh4 66. Rb5 Rcc4 0-1

[Event "101st YMCA Winter C"]
[Site "Warszawa"]
[Date "2012.03.02"]
[Round "7"]
[White "Pajak, Jakub"]
[Black "Prus, Marek"]
[Result "1-0"]
[WhiteElo "1693"]
[BlackElo "1735"]
[PlyCount "105"]
[EventDate "2012.01.03"]
[EventType "tourn"]
[EventRounds "1"]
[EventCountry "POL"]
[SourceDate "2012.01.03"]

1. c4 Nf6 2. Nf3 g6 3. g3 Bg7 4. Nc3 d5 5. cxd5 Nxd5 6. Bg2 c6 7. Qb3 Nxc3 8.
bxc3 O-O 9. O-O Qb6 10. Ba3 Re8 11. d4 e5 12. e3 Nd7 13. Bd6 exd4 14. cxd4 Nf6
15. Bc5 Qc7 16. Qa3 Be6 17. Bd6 Qc8 18. Ng5 h6 19. Nxe6 Qxe6 20. Rab1 Qd7 21.
Rb3 Ne4 22. Bxe4 Rxe4 23. Rfb1 Re6 24. Bc5 b5 25. Qa6 h5 26. a4 h4 27. axb5
hxg3 28. hxg3 cxb5 29. Qxb5 Rc6 30. Qb7 Qe8 31. Ra3 a6 32. Rab3 Rac8 33. Rb6
Qe6 34. Qxa6 Qe4 35. Rxc6 Qxb1+ 36. Kh2 Re8 37. Rc8 Qe4 38. Rxe8+ Qxe8 39. Qd6
Qe4 40. Qd8+ Kh7 41. Qh4+ Qxh4+ 42. gxh4 Bf6 43. Kg3 Bd8 44. e4 f6 45. f4 f5
46. e5 Kg7 47. d5 Kf7 48. Bd6 Kg7 49. Bb8 Kf7 50. d6 Ke6 51. Bc7 Bxc7 52. dxc7
Kd7 53. h5 1-0

[Event "101st YMCA Winter C"]
[Site "Warszawa"]
[Date "2012.02.15"]
[Round "7"]
[White "Duda, Ryszard"]
[Black "Chmielewska, Joanna"]
[Result "0-1"]
[WhiteElo "1692"]
[BlackElo "1774"]
[PlyCount "76"]
[EventDate "2012.01.03"]
[EventType "tourn"]
[EventRounds "1"]
[EventCountry "POL"]
[SourceDate "2012.01.03"]

1. d4 d5 2. c4 c6 3. e3 Nf6 4. Nc3 e6 5. Nf3 Be7 6. cxd5 cxd5 7. Bb5+ Bd7 8.
Bxd7+ Nbxd7 9. O-O O-O 10. b3 Rc8 11. Bb2 Qa5 12. Qd3 h6 13. Rfc1 Rfd8 14. h3
Ba3 15. Bxa3 Qxa3 16. Rc2 a6 17. Rac1 Qf8 18. Nd2 Nb8 19. Ncb1 Rxc2 20. Rxc2
Nc6 21. a3 Qe7 22. b4 Ne8 23. Nc3 Nd6 24. Ne2 Qd7 25. Qb3 b5 26. Nf4 Nc4 27.
Nd3 Qa7 28. Nc5 e5 29. Nxc4 dxc4 30. Qc3 exd4 31. exd4 Qe7 32. Qe3 Qf6 33. d5
Rxd5 34. Qe8+ Kh7 35. Qe4+ Qf5 36. Qxf5+ Rxf5 37. Nxa6 Nd4 38. Rd2 c3 0-1

[Event "101st YMCA Winter C"]
[Site "Warszawa"]
[Date "2012.02.15"]
[Round "7"]
[White "Kaniewska, Emilia"]
[Black "Wrabel, Antoni"]
[Result "0-1"]
[WhiteElo "1683"]
[BlackElo "1713"]
[PlyCount "130"]
[EventDate "2012.01.03"]
[EventType "tourn"]
[EventRounds "1"]
[EventCountry "POL"]
[SourceDate "2012.01.03"]

1. Nf3 Nc6 2. g3 Nf6 3. Bg2 d5 4. O-O Bf5 5. d3 Qd7 6. c3 Bh3 7. Bf4 Bxg2 8.
Kxg2 h6 9. Re1 Nh5 10. Bd2 e6 11. b4 Bd6 12. Na3 a6 13. Nc2 O-O 14. Bc1 f5 15.
e3 Nf6 16. Bb2 e5 17. a3 e4 18. Nfd4 Ne5 19. dxe4 fxe4 20. Rf1 c6 21. Ne1 Rf7
22. Qe2 Raf8 23. f4 exf3+ 24. Nexf3 Ne4 25. Nxe5 Bxe5 26. Rxf7 Rxf7 27. Rf1
Bxd4 28. exd4 Ng5 29. Rxf7 Kxf7 30. Bc1 Ne4 31. Qf3+ Ke7 32. h3 Qe6 33. g4 Qf6
34. Bb2 Qg5 35. Kh1 Qd2 36. Qg2 Qe1+ 37. Qg1 Nf2+ 38. Kg2 Qxg1+ 39. Kxg1 Nxh3+
40. Kg2 Ng5 41. Kg3 Kf6 42. Kh4 Kg6 43. Bc1 Ne4 44. Bb2 Kh7 45. Ba1 g5+ 46. Kh3
Kg6 47. Bb2 h5 48. gxh5+ Kxh5 49. a4 g4+ 50. Kg2 Kg5 51. Bc1+ Kf5 52. Bb2 Nd2
53. Bc1 Nc4 54. Kg3 Ke4 55. Kxg4 Kd3 56. Bh6 Kxc3 57. Bf8 Kxd4 58. Kf5 a5 59.
Bc5+ Kd3 60. b5 Nb2 61. b6 Nxa4 62. Bg1 d4 63. Ke5 Nxb6 64. Bxd4 Nc4+ 65. Ke6
Kxd4 0-1

[Event "101st YMCA Winter C"]
[Site "Warszawa"]
[Date "2012.02.15"]
[Round "7"]
[White "Chomczyk, Marek"]
[Black "Praczukowski, Stanislaw"]
[Result "1-0"]
[WhiteElo "1808"]
[BlackElo "1727"]
[PlyCount "61"]
[EventDate "2012.01.03"]
[EventType "tourn"]
[EventRounds "1"]
[EventCountry "POL"]
[SourceDate "2012.01.03"]

1. e4 c5 2. Nf3 d6 3. d4 cxd4 4. Nxd4 Nf6 5. Nc3 a6 6. f3 e6 7. Be3 b5 8. Qd2
b4 9. Nce2 e5 10. Nb3 Nc6 11. Ng3 Be6 12. Be2 Qc7 13. O-O d5 14. Nc5 Nd4 15.
Bxd4 Bxc5 16. Bxc5 Qxc5+ 17. Kh1 d4 18. a3 b3 19. cxb3 Bxb3 20. Rac1 Qb6 21.
Qg5 O-O 22. Nf5 Ne8 23. Ne7+ Kh8 24. Qxe5 Be6 25. b4 a5 26. b5 a4 27. Nc6 Rc8
28. Nxd4 Rxc1 29. Rxc1 Qa5 30. Nxe6 Qd2 31. Qc5 1-0

[Event "101st YMCA Winter C"]
[Site "Warszawa"]
[Date "2012.02.16"]
[Round "7"]
[White "Rozycki, Bartlomiej"]
[Black "Antokolski, Michal"]
[Result "1-0"]
[WhiteElo "1839"]
[BlackElo "1742"]
[PlyCount "76"]
[EventDate "2012.01.03"]
[EventType "tourn"]
[EventRounds "1"]
[EventCountry "POL"]
[SourceDate "2012.01.03"]

1. e4 c5 2. Nf3 e6 3. c3 Nf6 4. e5 Nd5 5. d4 cxd4 6. cxd4 Nc6 7. Bc4 d6 8. O-O
Be7 9. Bxd5 exd5 10. Qb3 O-O 11. Nc3 dxe5 12. dxe5 d4 13. Ne2 Bf5 14. Rd1 d3
15. Bf4 Nb4 16. Ned4 Be4 17. a3 Na6 18. Nb5 Nc5 19. Qb4 Bxf3 20. gxf3 Ne6 21.
Nd6 Nxf4 22. Qxf4 Bg5 23. Qd4 Qe7 24. f4 Bh6 25. Nf5 Qe6 26. Nxh6+ Qxh6 27.
Rxd3 Rac8 28. Qe4 Qb6 29. b4 Rc2 30. Qd4 Qc6 31. Rad1 h6 32. Qd5 Qb6 33. R1d2
Rc1+ 34. Kg2 Rfc8 35. f5 Re1 36. Rg3 Rc6 37. f6 Rxe5 38. Rxg7+ Kf8 1-0

[Event "101st YMCA Winter C"]
[Site "Warszawa"]
[Date "2012.02.23"]
[Round "8"]
[White "Praczukowski, Stanislaw"]
[Black "Rozycki, Bartlomiej"]
[Result "0-1"]
[WhiteElo "1727"]
[BlackElo "1839"]
[Annotator "M"]
[PlyCount "134"]
[EventDate "2012.01.03"]
[EventType "tourn"]
[EventRounds "1"]
[EventCountry "POL"]
[SourceDate "2012.01.03"]

1. e4 e5 2. Nf3 Nc6 3. Bb5 a6 4. Ba4 Nf6 5. O-O b5 6. Bb3 Be7 7. Qe2 O-O 8. c3
d5 9. d3 d4 10. cxd4 Nxd4 11. Nxd4 Qxd4 12. Be3 Qd6 13. Rc1 Ng4 14. Bd5 Rb8 15.
Bd2 Nf6 16. Bb3 Rd8 17. Ba5 Rd7 18. Nd2 c5 19. Nf3 Rdb7 20. Bc3 Bg4 21. h3 Bxf3
22. Qxf3 Rd8 23. Rd1 b4 24. Be1 Qd4 25. Rab1 a5 26. Bc4 Bf8 27. Bd2 Ne8 28. Bd5
Rxd5 29. Be3 Qxd3 30. Rxd3 Rxd3 31. Rd1 Rbd7 32. Rxd3 Rxd3 33. Qf5 Nd6 34. Qxe5
Nc4 35. Qe8 Nxe3 36. fxe3 Rd1+ 37. Kh2 Re1 38. Qa8 Rxe3 39. Qxa5 Rxe4 40. a3
Re2 41. axb4 cxb4 42. b3 Re3 43. Qd5 h5 44. Kg1 h4 45. Kf2 Rg3 46. Ke2 g6 47.
Kd2 Be7 48. Qc4 Rxg2+ 49. Ke3 $11 Rg3+ 50. Kf2 Rc3 51. Qe4 Bc5+ 52. Kg2 Rxb3
53. Qxh4 Bf8 54. Qd4 Ra3 55. h4 Ra5 56. Kg3 b3 57. Qb6 Ra4 58. h5 Rb4 59. Qf6
Bg7 60. Qd8+ Kh7 61. hxg6+ fxg6 62. Qd1 b2 63. Qh1+ Bh6 64. Qb1 Kg7 65. Kf2 Bg5
66. Qd3 b1=Q 67. Qd7+ Kh6 0-1

[Event "101st YMCA Winter C"]
[Site "Warszawa"]
[Date "2012.02.22"]
[Round "8"]
[White "Wrabel, Antoni"]
[Black "Chomczyk, Marek"]
[Result "0-1"]
[WhiteElo "1713"]
[BlackElo "1808"]
[Annotator "M"]
[PlyCount "136"]
[EventDate "2012.01.03"]
[EventType "tourn"]
[EventRounds "1"]
[EventCountry "POL"]
[SourceDate "2012.01.03"]

1. e4 e5 2. Nf3 Nc6 3. Bb5 a6 4. Ba4 d6 5. Bxc6+ bxc6 6. d4 exd4 7. Qxd4 c5 8.
Qd3 Ne7 9. Nc3 g6 10. Bg5 Bb7 11. Bf6 Rg8 12. Qc4 h6 13. O-O-O Bg7 14. Bxe7
Kxe7 15. Nd5+ Bxd5 16. Qxd5 Rb8 17. e5 Re8 18. exd6+ cxd6 19. Rhe1+ Kf8 20.
Rxe8+ Kxe8 21. Qc6+ $11 Ke7 22. c3 Qb6 23. Re1+ Kf6 24. Qxb6 Rxb6 25. Kc2 g5
26. h3 h5 27. Re8 g4 28. hxg4 hxg4 29. Nh2 Kf5 30. Rg8 g3 31. fxg3 Be5 32. Nf3
f6 33. b3 Rb7 34. Kd3 d5 35. Rd8 Ke6 36. Ra8 c4+ 37. Kc2 cxb3+ 38. axb3 Rc7 39.
Rxa6+ Kf5 40. c4 dxc4 41. bxc4 Rxc4+ 42. Kd3 $11 Rc3+ 43. Kd2 Rb3 44. Ra2 Rb7
45. Ke2 Bxg3 46. Nd4+ Kg4 47. Nc2 Bf4 48. Kf2 Rb3 49. Ra4 Rc3 50. Ra2 f5 51.
Kf1 Bg3 52. Nd4 Rc1+ 53. Ke2 Rg1 54. Kd3 Rd1+ 55. Rd2 Ra1 56. Nc2 Ra7 57. Ne3+
Kg5 58. Nf1 Bf4 59. Rc2 Kg4 60. Ne3+ Bxe3 61. Kxe3 Kg3 62. Rc5 f4+ 63. Ke2 Ra2+
64. Kf1 Rf2+ 65. Kg1 Rxg2+ 66. Kf1 Ra2 67. Rc1 f3 68. Rb1 Rh2 0-1

[Event "101st YMCA Winter C"]
[Site "Warszawa"]
[Date "2012.02.22"]
[Round "8"]
[White "Chmielewska, Joanna"]
[Black "Kaniewska, Emilia"]
[Result "1-0"]
[WhiteElo "1774"]
[BlackElo "1683"]
[PlyCount "59"]
[EventDate "2012.01.03"]
[EventType "tourn"]
[EventRounds "1"]
[EventCountry "POL"]
[SourceDate "2012.01.03"]

1. e4 c5 2. Nf3 d6 3. d4 cxd4 4. Nxd4 Nf6 5. Nc3 a6 6. f4 e6 7. Qf3 Qc7 8. Be3
b5 9. Bd3 Bb7 10. g4 Be7 11. g5 Nfd7 12. O-O-O Nc5 13. Kb1 Nbd7 14. Rhg1 g6 15.
h4 b4 16. Nce2 f5 17. Ng3 Rf8 18. Nb3 fxe4 19. Nxe4 Nxd3 20. cxd3 d5 21. Rc1
Qb8 22. Nec5 Nxc5 23. Nxc5 Bxc5 24. Bxc5 Rxf4 25. Qe3 Bc8 26. Rgf1 Rxf1 27.
Rxf1 a5 28. Qf2 Qe5 29. Qf7+ Kd8 30. Qe7# 1-0

[Event "101st YMCA Winter C"]
[Site "Warszawa"]
[Date "2012.03.09"]
[Round "8"]
[White "Prus, Marek"]
[Black "Duda, Ryszard"]
[Result "1-0"]
[WhiteElo "1735"]
[BlackElo "1692"]
[PlyCount "71"]
[EventDate "2012.01.03"]
[EventType "tourn"]
[EventRounds "1"]
[EventCountry "POL"]
[SourceDate "2012.01.03"]

1. e4 e5 2. Nf3 Nc6 3. Bb5 a6 4. Ba4 Nf6 5. O-O d6 6. Qe2 b5 7. Bb3 Bg4 8. c3
Be7 9. Rd1 O-O 10. d4 exd4 11. cxd4 Na5 12. Bc2 Qc8 13. Nbd2 c5 14. d5 Nd7 15.
h3 Bh5 16. g4 Bg6 17. a4 c4 18. axb5 axb5 19. b4 Nb7 20. Rxa8 Qxa8 21. h4 h6
22. h5 Bh7 23. Nd4 Qa6 24. N2f3 Ne5 25. Nxe5 dxe5 26. Nf5 Bxf5 27. exf5 f6 28.
f4 Bd6 29. g5 Qb6+ 30. Kh1 Qc7 31. fxe5 Bxe5 32. gxh6 gxh6 33. Bxh6 Rf7 34.
Rg1+ Kh8 35. Qg2 Qd8 36. Bg7+ 1-0

[Event "101st YMCA Winter C"]
[Site "Warszawa"]
[Date "2012.02.22"]
[Round "8"]
[White "Sawicki, Wojciech"]
[Black "Krzyzanowski, Antoni"]
[Result "1-0"]
[WhiteElo "1769"]
[BlackElo "1777"]
[PlyCount "81"]
[EventDate "2012.01.03"]
[EventType "tourn"]
[EventRounds "1"]
[EventCountry "POL"]
[SourceDate "2012.01.03"]

1. e4 c6 2. d4 d5 3. Nc3 dxe4 4. Nxe4 Bf5 5. Ng3 Bg6 6. h4 h6 7. Nf3 e6 8. Ne5
Bh7 9. Bd3 Bxd3 10. Qxd3 Nf6 11. Ne4 Nbd7 12. Nxd7 Qxd7 13. Nxf6+ gxf6 14. Be3
O-O-O 15. Qc4 Kb8 16. O-O-O Bg7 17. Qa4 b5 18. Qa5 Qc7 19. Qb4 Rd7 20. Rd3 Rhd8
21. Rhd1 Qb7 22. Qd2 h5 23. Qe2 Rh8 24. Rb3 a6 25. a4 e5 26. d5 cxd5 27. axb5
a5 28. Ra3 d4 29. Bd2 e4 30. Bf4+ Kc8 31. Qc4+ Kd8 32. Rxd4 f5 33. Rxd7+ Qxd7
34. Rxa5 Qb7 35. Qc6 Qxc6 36. bxc6 Bh6 37. Ra8+ Ke7 38. Rxh8 Bxf4+ 39. Kb1 Kd6
40. Rxh5 Kxc6 41. Rxf5 1-0